| 000 | 00427nam a22001337a 4500 | ||
|---|---|---|---|
| 082 | _aT-103 | ||
| 100 |
_aJehanzeb _948510 |
||
| 245 |
_aA laboratory study of different types of aggregates using cement as partial replacement of filler in the marshall mix at high temperature _cJehanzeb |
||
| 260 |
_aRisalpur _bMCE _c2001 |
||
| 300 | _aVarious paging | ||
| 526 |
_a0 _b0 _c0 _dT_103 |
||
| 650 |
_aThesis _934811 |
||
| 942 |
_2ddc _cBK |
||
| 999 |
_c551431 _d551431 |
||